000 01242nas a2200373 4500
001 BR8102115
003 BR-BrBNA
005 20231205084631.0
007 ta
008 230509b bl.|||p| |||| 00| 00por d
040 _aBR-BrBNA
_bpor
_cBiblioteca Nacional de Agricultura
041 _a(Pt)
072 _aL30; L50; L20
100 1 _aResende, J. de A.A.
100 1 _aRostagno, H.S.
100 1 _aFonseca, J.B.
100 1 _aQueiroz, A.C. de
100 1 _aCardoso, R.M.
245 1 _aNiveis de proteina, aminoacidos sulfurosos e lisina na racao de frangos submetidos a regime de alta temperatura. 1. Fase inicial [Brasil]
246 1 _a[Protein levels, sulphirous amino acids and lysine in broiler diet under a high temperature regime. 1. First stage [Brazil]]
650 _aNutricao animal
650 _aFisiologia animal
650 _aEcologia animal
650 _aFrango
650 _aRacao
650 _aProteina
650 _aAminoacido
650 _aLisina
650 _aTemperatura
650 _aGanho de peso
773 0 _tRevista da Sociedade Brasileira de Zootecnia (Brazil)
_xISSN 0100-4859
_g(1980), v. 9(1) p. 90-106
_wBR8102115
909 _a202311
_bLúcia
_c55
_dLúcia Elande
942 _2AGRIS
_n0
_cANA
999 _c106363
_d106363